000 00634nam a2200205 u 4500
005 20240228063924.0
008 080428s2005 es r 000 0 spa d
020 _a140544830X
035 _aUPN01000155641
049 _aI
050 4 _aPZ74
_bG6.2
100 1 _aGoldsack, Gaby,
_d1966-
_933471
245 1 0 _aBlanca nieves y los siete enanitos /
_cGaby Goldsack ; il. Ruth Galloway.
260 _aBarcelona, Esp. :
_bParragon,
_cc2005.
300 _a29 p. :
_bprincipalmente il. col.
440 0 _aMis primeras lecturas
650 4 _aCuentos infantiles
_96744
650 4 _aLibros y lectura para niƱos
_92290
905 _aInfantil
999 _c127756
_d127756